00491nam a2200157Ia 4500008004100000082001600041100001500057245003300072250000800105260003000113300000800143650001200151942001200163952014300175999001500318150201s2009 xx 000 0 und d a610.7bE09G aGRICE, DEE aEVERYDAY ENGLISH FOR NURSING a1ST bELSEVIERaEDINBURGHc2009 a230 aNURSING 2ddccBK 00102ddc40718NURSINGaFMbFMcREFd2014-07-06eABC DELHIg0.00iSGTUl0o610.7 E09GpFN1920r2015-02-09 00:00:00w2014-07-06yBKk4669 c2332d2332